Enhancing semantic rule engine for semantic based web application firewall (SWAF) (Record no. 11347)

000 -LEADER
fixed length control field 00539 a2200133 4500
082 ## - DEWEY DECIMAL CLASSIFICATION NUMBER
Classification number MS-IT-9
100 ## - MAIN ENTRY--PERSONAL NAME
Personal name Rana Faisal Munir
9 (RLIN) 99077
245 ## - TITLE STATEMENT
Title Enhancing semantic rule engine for semantic based web application firewall (SWAF)
Statement of responsibility, etc. Rana Faisal Munir
260 ## - PUBLICATION, DISTRIBUTION, ETC.
Place of publication, distribution, etc. Islamabad
Name of publisher, distributor, etc. NUST-SEECS
Date of publication, distribution, etc. 2012
300 ## - PHYSICAL DESCRIPTION
Extent 79p.
Other physical details ;ill.
Dimensions ;27cm.+
Accompanying material CD ROM
500 ## - GENERAL NOTE
General note Supervisors; Dr. Khalid Latif, Dr. Hafiz Farooq Ahmed, Mr. Ammar Karim, Mr. Muhammad Bilal
856 ## - ELECTRONIC LOCATION AND ACCESS
Uniform Resource Identifier <a href="http://10.250.8.41:8080/xmlui/handle/123456789/10240">http://10.250.8.41:8080/xmlui/handle/123456789/10240</a>
942 ## - ADDED ENTRY ELEMENTS (KOHA)
Koha item type Project Report
Call number prefix MS-IT-9 FAI
Source of classification or shelving scheme
Holdings
Withdrawn status Lost status Damaged status Not for loan Permanent Location Current Location Total Checkouts Full call number Barcode Date last seen Price effective from Koha item type Source of classification or shelving scheme Shelving location Date acquired
        Central Library (CL) Central Library (CL)   MS-IT-9 FAI SEECSP01216 11/14/2012 11/14/2012 Project Report      
        Central Library (CL) Central Library (CL)   004 CL-T-3508 09/17/2019 09/17/2019 Thesis   Thesis 09/17/2019
© 2023 Central Library, National University of Sciences and Technology. All Rights Reserved.